América y su porvenir jurídico
Salvato in:
| Autori principali: | , , , , , , , , , |
|---|---|
| Natura: | Libro |
| Lingua: | spagnolo |
| Pubblicazione: |
Buenos Aires
Ediar
2016
|
| Edizione: | 1a. ed |
| Soggetti: | |
| Tags: |
Aggiungi Tag
Nessun Tag, puoi essere il primo ad aggiungerne!!
|
MARC
| LEADER | 00000cam a2200000 a 4500 | ||
|---|---|---|---|
| 001 | UCC9158 | ||
| 003 | CL-VaPUC | ||
| 008 | 190906e20160000ag |||||||||||||||||spa|d | ||
| 020 | |a 9789505743575 | ||
| 082 | 0 | 4 | |a 341.09 |b ALA |2 21 |
| 100 | 0 | |a Alagia, Alejandro |e author |9 604052 | |
| 700 | 0 | |a Auat, Jorge |e author |9 604053 | |
| 700 | 0 | |a Caldas, Roberto F |e author |9 604054 | |
| 700 | 0 | |a Erbetta, Daniel |e author |9 604055 | |
| 700 | 0 | |a Figueroa, Ana María |e author |9 604056 | |
| 700 | 0 | |a García Ramírez, Sergio |e author |9 604057 | |
| 700 | 0 | |a González Placencia, Luis |e author |9 604058 | |
| 700 | 0 | |a Slokar, Alejandro W |e author |9 604059 | |
| 700 | 0 | |a Tenorio Tagle, Fernando |e author |9 604060 | |
| 700 | 0 | |a Zaffaroni, E. Raúl |e author |9 604061 | |
| 245 | 1 | 0 | |a América y su porvenir jurídico |
| 250 | |a 1a. ed | ||
| 300 | |a 127 p | ||
| 942 | |c BK | ||
| 945 | |d 20190906 13:31:00 |a dcastane | ||
| 260 | |a Buenos Aires |b Ediar |c 2016 | ||
| 650 | 0 | |a Derecho internacional |9 255637 | |
| 650 | 7 | |a CORTE INTERAMERICANA DE DERECHOS HUMANOS |2 CL-VaPUC |9 453499 | |
| 583 | |a last modification |c 20190906 13:31:00 |k Rodrigo Vera | ||
| 999 | |c 375352 |d 375350 | ||
| 952 | |0 0 |1 0 |3 erb |4 0 |6 341_090000000000000_ALA_2016 |7 0 |8 WP_COW |9 561301 |a BIBDER |b BIBDER |e Fundación W and P Cowley |i 5599180 |o 341.09 ALA 2016 |p 5599180 |r 2023-01-25 |w 2020-03-12 |y BK |z Catalogado en:20190906 |k WPC | ||